logo

Bir Sreshtho Munshi Abdur Rouf Library
Jhenaidah Cadet College

India wins freedom : (Record no. 9035)

MARC details
000 -LEADER
fixed length control field 00881nam a2200277 a 4500
001 - CONTROL NUMBER
JCCL Control Number 9035
003 - CONTROL NUMBER IDENTIFIER
JCCL marc code BD-JhCC
005 - DATE AND TIME OF LATEST TRANSACTION
control field 20180314180828.0
008 - FIXED-LENGTH DATA ELEMENTS--GENERAL INFORMATION
fixed length control field 891006s1989 ii b 001 0 eng
020 ## - INTERNATIONAL STANDARD BOOK NUMBER
International Standard Book Number 8170271428 :
Terms of availability Rs100.00
020 ## - INTERNATIONAL STANDARD BOOK NUMBER
International Standard Book Number 8170271436 (pbk.)
035 ## - SYSTEM CONTROL NUMBER
system control number (BD-JhCC)9035
040 ## - CATALOGING SOURCE
Original cataloging agency DLC
Transcribing agency DLC
Modifying agency DLC
-- BD-JhCC
041 ## - LANGUAGE CODE
Language code of Book eng
050 00 - LIBRARY OF CONGRESS CALL NUMBER
Classification number DS480.842.A923
Item number G36 1989
082 00 - DEWEY DECIMAL CLASSIFICATION NUMBER
Classification number 954.03/5
DDC Edition number 20
Author mark and Year AZA 1989
100 1# - MAIN ENTRY--PERSONAL NAME
Personal name Azad, Maulana Abul Kalam
245 10 - TITLE STATEMENT
Title India wins freedom :
Remainder of title an autobiographical narrative /
Statement of responsibility, etc Maulana Abul Kalam Azad
260 ## - PUBLICATION, DISTRIBUTION, ETC. (IMPRINT)
Place of publication, distribution, etc New Delhi :
Name of publisher, distributor, etc Radiant Publishers,
Date of publication, distribution, etc 1989.
300 ## - PHYSICAL DESCRIPTION
Pagination x, 108 p. ;
Dimensions 23 cm.
500 ## - GENERAL NOTE
General note Critique of the causes leading to the partition of India, 1947.
504 ## - BIBLIOGRAPHY, ETC. NOTE
Bibliography, etc Includes bibliographical references.
651 #0 - SUBJECT ADDED ENTRY--GEOGRAPHIC NAME
Geographic name India
General subdivision Politics and government
Chronological subdivision 1919-1947.
942 ## - ADDED ENTRY ELEMENTS (KOHA)
Source of classification or shelving scheme Dewey Decimal Classification
Koha item type Books
Holdings
Source of classification or shelving scheme Damaged status Not for loan Home library Current library Shelving location Total Checkouts Full call number Barcode Date last seen Copy number Koha item type Date of accession Cost, normal purchase price
Dewey Decimal Classification     JCC Rouf Library JCC Rouf Library General Stacks   954.03/5 AZA 1989 12002 03/07/2018 C - 1 Books    
Dewey Decimal Classification     JCC Rouf Library JCC Rouf Library General Stacks   954.03/5 AZA 1989 12665 03/21/2018 C-2 Books 03/21/2018 12.50

JCC Library | Contacts | JCC Home

Last Update on 23 September 2017
Copyright @ 2017-2020 JCC Rouf Library
Rouf Library, Jhenidah Cadet College (JCC), Bangladesh